| 000 | 01267nam a2200505 a 4500 | ||
|---|---|---|---|
| 005 | 20140412111304.0 | ||
| 008 | 001121s19uu xx 00 eng d | ||
| 020 | _a0-7214-1835-X | ||
| 050 |
_aREF 423 _bLa11 1996 |
||
| 245 |
_aThe Ladybird dictionary. / _cillustrations by Peter Massey and Chris Orr & Associates. |
||
| 250 | _aNew edition, 1996 | ||
| 260 |
_aLoughborough, Leicestershire, UK : _bLadybird Books Ltd, _c1996. |
||
| 300 | _a187 p. ; ill. | ||
| 440 | _aLadybird Reference | ||
| 500 | _aColor Illustrations Throughout -- Inlcudes 4000 entries -- Totally up to date -- Clear definition | ||
| 650 | _aEnglish language--Study and teaching | ||
| 999 |
_c103617 _d103617 |
||